[Event "BRA-ch Amateur U1800"]
[Site "Sao Paulo"]
[Date "2018.05.31"]
[Round "1"]
[White "Brujin, Homero"]
[Black "Dezejacomo, Daniel Otavio Silva"]
[Result "0-1"]
[WhiteElo "1480"]
[BlackElo "1712"]
[PlyCount "78"]
[EventDate "2018.05.31"]
[EventType "swiss"]
[EventRounds "7"]
[EventCountry "BRA"]
[SourceTitle "EXT 2021"]
[Source "ChessBase"]
[SourceDate "2020.10.23"]
[SourceVersion "1"]
[SourceVersionDate "2020.10.23"]
[SourceQuality "1"]

1. c4 Nf6 2. Nc3 e6 3. Nf3 d5 4. e3 Be7 5. Be2 0-0 6. 0-0 dxc4 7. Bxc4 a6 8. d4 b5 9. Bd3 Bb7 10. a3 c5 11. dxc5 Bxc5 12. b4 Be7 13. Bb2 Nbd7 14. e4 Qb6 15. Qe2 Rfd8 16. Rac1 Rac8 17. Rfd1 Nf8 18. Rc2 Ng6 19. Bc1 Qa7 20. Be3 Qb8 21. g3 Qa8 22. Nd2 Ne5 23. Nb3 Nxd3 24. Rxd3 Rxd3 25. Qxd3 Rd8 26. Qe2 Nxe4 27. Nxe4 Bxe4 28. Rc1 Bf3 29. Qf1 Qd5 30. Nd4 Bf6 31. Nc6 Re8 32. Rc5 Qa2 33. Qc1 h5 34. Bd4 Bxd4 35. Nxd4 Bb7 36. Rc7 Qd5 37. Nc6 Bxc6 38. Rxc6 Rd8 39. Rxa6 Qf3 0-1

[Event "BRA-ch Amateur U1800"]
[Site "Sao Paulo"]
[Date "2018.05.31"]
[Round "2"]
[White "Dezejacomo, Daniel Otavio Silva"]
[Black "Pereira Fo, Hildebrando Apolon"]
[Result "1-0"]
[WhiteElo "1712"]
[BlackElo "1601"]
[PlyCount "59"]
[EventDate "2018.05.31"]
[EventType "swiss"]
[EventRounds "7"]
[EventCountry "BRA"]
[SourceTitle "EXT 2021"]
[Source "ChessBase"]
[SourceDate "2020.10.23"]
[SourceVersion "1"]
[SourceVersionDate "2020.10.23"]
[SourceQuality "1"]

1. e4 c5 2. Nf3 d6 3. d4 cxd4 4. Nxd4 Nf6 5. Nc3 g6 6. f4 Bg7 7. e5 dxe5 8. fxe5 Nfd7 9. e6 Ne5 10. Bb5+ Nbc6 11. exf7+ Kxf7 12. 0-0+ Bf6 13. Nxc6 Nxc6 14. Be3 Kg7 15. Qc1 h6 16. Bxc6 bxc6 17. Ne4 Bf5 18. Nxf6 exf6 19. b3 Qe7 20. Bd4 Qe4 21. Qb2 Rhf8 22. Rae1 Qh4 23. Re7+ Rf7 24. Rxf7+ Kxf7 25. Qc3 Qe4 26. Bxf6 Qxc2 27. g4 Be4 28. Bg7+ Ke7 29. Qe5+ Kd7 30. Rf7+ 1-0

[Event "BRA-ch Amateur U1800"]
[Site "Sao Paulo"]
[Date "2017.10.15"]
[Round "7"]
[White "Dezejacomo, Daniel Otavio Silva"]
[Black "Cordeiro da Silva, Felipe"]
[Result "1-0"]
[WhiteElo "1659"]
[BlackElo "1783"]
[PlyCount "97"]
[EventDate "2017.10.12"]
[EventType "swiss"]
[EventRounds "7"]
[EventCountry "BRA"]
[SourceTitle "EXT 2019"]
[Source "ChessBase"]
[SourceDate "2018.10.10"]
[SourceVersion "1"]
[SourceVersionDate "2018.10.10"]
[SourceQuality "1"]

1. e4 c5 2. Nf3 Nc6 3. Bb5 g6 4. Bxc6 dxc6 5. h3 Bg7 6. 0-0 Nf6 7. Re1 Qc7 8. d3 e5 9. Be3 b6 10. Qd2 Be6 11. Ng5 Bd7 12. f4 Nh5 13. f5 gxf5 14. exf5 h6 15. Nf3 e4 16. Nc3 0-0-0 17. dxe4 Bxf5 18. Qf2 Bxc3 19. bxc3 Bxh3 20. Qh4 Bxg2 21. Kxg2 Rhg8+ 22. Kf2 Ng7 23. Rg1 f6 24. Rg6 Qf7 25. Qxf6 Qxf6 26. Rxf6 Rgf8 27. Rxc6+ Kb7 28. Rg6 Ne8 29. Bxh6 Rf7 30. Ke3 Nd6 31. Rg7 Nc4+ 32. Ke2 Rxg7 33. Bxg7 Rg8 34. Rg1 b5 35. Rg5 Kb6 36. Bf6 Re8 37. e5 Ka5 38. Nd2 Nd6 39. Kf3 Nc8 40. Rg7 a6 41. Rb7 Nb6 42. Nb3+ Ka4 43. Rxb6 Ka3 44. Rxa6+ Kb2 45. Nxc5 Kxc3 46. e6+ Kd2 47. e7 Kxc2 48. Ke4 Kd2 49. Rd6+ 1-0

[Event "BRA-ch Amateur U1800"]
[Site "Sao Paulo"]
[Date "2017.10.13"]
[Round "3"]
[White "Dezejacomo, Daniel Otavio Silva"]
[Black "Mangini, Bruno Fernandes"]
[Result "0-1"]
[WhiteElo "1659"]
[BlackElo "1753"]
[PlyCount "110"]
[EventDate "2017.10.12"]
[EventType "swiss"]
[EventRounds "7"]
[EventCountry "BRA"]
[SourceTitle "EXT 2019"]
[Source "ChessBase"]
[SourceDate "2018.10.10"]
[SourceVersion "1"]
[SourceVersionDate "2018.10.10"]
[SourceQuality "1"]

1. e4 c6 2. Ne2 d5 3. e5 c5 4. d4 e6 5. c3 Nc6 6. Nd2 cxd4 7. cxd4 Nge7 8. Nf3 Nf5 9. g4 Nh4 10. Nxh4 Qxh4 11. h3 Qd8 12. Be3 Qb6 13. Qd2 Bd7 14. Nc3 Bb4 15. Be2 Na5 16. 0-0 Rc8 17. f4 Nc4 18. Bxc4 Rxc4 19. Rac1 0-0 20. f5 Rfc8 21. f6 g6 22. a3 Bxc3 23. Rxc3 Rxc3 24. bxc3 Qb3 25. Bf2 Qxa3 26. Be1 b5 27. Rf3 Qf8 28. h4 a5 29. h5 Be8 30. Rh3 Rc4 31. Qh2 g5 32. h6 b4 33. Qd2 b3 34. Qxg5+ Kh8 35. Qc1 a4 36. Qb2 Bb5 37. Bd2 Rc7 38. Bc1 Qg8 39. Rg3 Qf8 40. Rh3 Bc4 41. Rh5 Rb7 42. Rg5 a3 43. Qxa3 Qxa3 44. Bxa3 b2 45. Bxb2 Rxb2 46. Rg7 Rb7 47. Kf2 Bd3 48. Ke3 Bg6 49. c4 dxc4 50. d5 exd5 51. e6 c3 52. e7 Rb8 53. Ke2 c2 54. Kd2 Rc8 55. Kc1 d4 0-1

[Event "BRA-ch U18"]
[Site "Itajai"]
[Date "2016.06.12"]
[Round "6"]
[White "Caetano, Ryan Wesley da Cost"]
[Black "Dezejacomo, Daniel Otavio Silva"]
[Result "1-0"]
[WhiteElo "1784"]
[BlackElo "1657"]
[PlyCount "83"]
[EventDate "2016.06.09"]
[EventType "swiss"]
[EventRounds "6"]
[EventCountry "BRA"]
[SourceTitle "CBM 172 Extra"]
[Source "ChessBase"]
[SourceDate "2016.06.21"]
[SourceVersion "1"]
[SourceVersionDate "2016.06.21"]
[SourceQuality "1"]

1. d4 Nf6 2. c4 e6 3. Nf3 b6 4. a3 Bb7 5. Nc3 d5 6. e3 Nbd7 7. cxd5 exd5 8. Bd3 a6 9. a4 Bd6 10. 0-0 0-0 11. Nh4 Re8 12. Nf5 Bf8 13. Qc2 g6 14. Ng3 Bd6 15. b3 Ng4 16. Be2 Qh4 17. Bxg4 Qxg4 18. Qe2 Qh4 19. Qf3 Nf6 20. h3 Ne4 21. Ngxe4 dxe4 22. Qg4 Qe7 23. Bb2 Bc8 24. Qe2 Qg5 25. f4 exf3 26. Rxf3 Bb7 27. e4 Qh4 28. Qc4 Qe7 29. Raf1 Rf8 30. Rf6 c6 31. e5 b5 32. Qd3 Bc7 33. Ne4 Bc8 34. Rxc6 Bb7 35. Nf6+ Kg7 36. Rc2 Bb6 37. Kh1 Rad8 38. d5 Rc8 39. Rxc8 Bxc8 40. e6 Kh6 41. Qd2+ g5 42. h4 1-0

[Event "BRA-ch U18"]
[Site "Itajai"]
[Date "2016.06.09"]
[Round "1"]
[White "Dezejacomo, Daniel Otavio Silva"]
[Black "Filgueiras, Nathan Felipe"]
[Result "0-1"]
[WhiteElo "1657"]
[BlackElo "1935"]
[PlyCount "75"]
[EventDate "2016.06.09"]
[EventType "swiss"]
[EventRounds "6"]
[EventCountry "BRA"]
[SourceTitle "CBM 172 Extra"]
[Source "ChessBase"]
[SourceDate "2016.06.21"]
[SourceVersion "1"]
[SourceVersionDate "2016.06.21"]
[SourceQuality "1"]

1. e4 c5 2. Nf3 Nc6 3. Bb5 e6 4. Bxc6 bxc6 5. 0-0 d5 6. d3 Ne7 7. Nc3 Ng6 8. Re1 Be7 9. b3 0-0 10. Na4 c4 11. dxc4 dxc4 12. Be3 Qa5 13. c3 e5 14. b4 Qc7 15. Qe2 Ba6 16. Nd2 Qd7 17. g3 Bb5 18. Nb2 f5 19. exf5 Qxf5 20. a4 Ba6 21. Ndxc4 Qf7 22. b5 cxb5 23. Na5 Bc8 24. axb5 Be6 25. Nc6 Bd6 26. c4 e4 27. c5 Be5 28. Bd4 Bxd4 29. Nxd4 Bd5 30. Qe3 Qd7 31. Rad1 Ne5 32. Kg2 Ng4 33. Qg5 h6 34. Qh4 Rxf2+ 35. Kg1 Rxb2 36. c6 Qf7 37. Ne2 Qf2+ 38. Kh1 0-1